| 000 | 00956cam a2200229 4500 | ||
|---|---|---|---|
| 001 | ABS63960 | ||
| 008 | 000000n2001 000 0 eng u | ||
| 035 | _a(Sirsi) u112569 | ||
| 110 |
_aCompanies House _93268 |
||
| 245 | _aFees and filing | ||
| 260 | _c2001 | ||
| 490 |
_aAccountancy _v127(1293) May 2001, 129(1) |
||
| 520 | _aCompanies House provides practical advice on how to set up limited liability partnerships (LLPs). Includes information on LLP guidance booklets, forms, fees, searches, and conversion from a limited company. Further information can be obtained from http://www.companieshouse.gov.uk or http://www.dti.gov.uk/cld/contract.htm. | ||
| 590 | _aABS | ||
| 650 | _aLIMITED LIABILITY PARTNERSHIPS ACT 2000 | ||
| 650 | _aCOMPANIES HOUSE | ||
| 650 | _aLIMITED LIABILITY PARTNERSHIPS | ||
| 650 | _aFEES | ||
| 650 | _aGUIDANCE | ||
| 690 | _aPROPERTY-COMMERCIAL PROPERTY-COMMERCIAL PROPERTY FINANCE AND INVESTMENT | ||
| 942 | _n0 | ||
| 999 |
_c67000 _d67000 |
||